| 000 | 00518nam a2200169Ia 4500 | ||
|---|---|---|---|
| 999 |
_c35441 _d35441 |
||
| 003 | OSt | ||
| 005 | 20201216094649.0 | ||
| 008 | 190216s9999||||xx |||||||||||||| ||und|| | ||
| 040 | _coclc | ||
| 082 |
_a616.8918 _bVER/O |
||
| 100 |
_aVerebey, Karl _97536 |
||
| 245 | 0 |
_aOpioids In Mental Illness / _cKarl Verebey |
|
| 260 |
_bThe New York Acadmey Of Sciences, _c1982. _aNew York: |
||
| 300 | _a511p | ||
| 650 | _aOpioids In Mental Illness | ||
| 942 |
_cREF _2ddc _h616.8918 _iVER/O _k616.8918 _mVER/O |
||